|
|
|
|
| LEADER |
00000nas a2200000 a 4500 |
| 001 |
ssj0000392706 |
| 003 |
WaSeSS |
| 005 |
20200512172242.0 |
| 006 |
m d |
| 007 |
cr n |
| 008 |
100608c20109999enkuu p s | 0eng c |
| 010 |
|
|
|a 2010256062
|
| 016 |
7 |
|
|a 101603754
|2 DNLM
|
| 022 |
|
|
|a 2042-6372
|l 2042-6372
|
| 035 |
|
|
|a (WaSeSS)ssj0000392706
|
| 040 |
|
|
|a HTM
|b eng
|c HTM
|d RBN
|d CUS
|d OCLCQ
|d OCLCF
|d NLM
|d CUS
|d OCLCQ
|d OCLCA
|d OCLCO
|d OCLCA
|d WT2
|d OCLCA
|d OCLCQ
|d AU@
|d OCLCQ
|d OCLCA
|d WaSeSS
|
| 042 |
|
|
|a pcc
|
| 050 |
1 |
4 |
|a R772
|
| 060 |
1 |
0 |
|a W1
|
| 210 |
1 |
0 |
|a Int J Med Educ
|2 dnlm
|
| 245 |
0 |
0 |
|a International journal of medical education
|h [electronic resource].
|
| 246 |
3 |
|
|a IJME
|
| 260 |
|
|
|a [United Kingdom] :
|b [IJME]
|
| 362 |
1 |
|
|a Began with vol. 1 (2010).
|
| 506 |
|
|
|a License restrictions may limit access.
|
| 588 |
|
|
|a Description based on: Vol. 1 (2010); title from aims and scope page, viewed Sept. 21, 2010.
|
| 588 |
|
|
|a Latest issue consulted: 2014;5 (viewed Oct. 17, 2014).
|
| 650 |
|
0 |
|a Medical education
|v Periodicals.
|
| 650 |
|
7 |
|a Medical education.
|2 fast
|0 (OCoLC)fst01014024
|
| 650 |
1 |
2 |
|a Education, Medical.
|
| 655 |
|
0 |
|a Electronic journals.
|
| 856 |
4 |
0 |
|z Full text available from Research Library: 01/01/2010 to present
|u https://search.proquest.com/publication/266697
|